| 000 | 00444nam a2200181Ia 4500 | ||
|---|---|---|---|
| 003 | OSt | ||
| 005 | 20260402104539.0 | ||
| 008 | 250729s2003 xx 000 0 und d | ||
| 040 | _cAL | ||
| 041 | _aeng | ||
| 082 | _a420.25 RAJE | ||
| 100 |
_aRajendra Pal _9230837 |
||
| 245 | _aEssential of english grammar and composition | ||
| 260 |
_aNewdelhi _bSulthan Chand _c2003 |
||
| 300 | _a144p | ||
| 650 |
_aEnglish _9230838 |
||
| 942 |
_2ddc _cBED |
||
| 999 |
_c238981 _d238981 |
||